Information processing machines 15

Gespeichert in:
Bibliographische Detailangaben
Format: Buch
Sprache:Englisch
Veröffentlicht: Praha : Academia, 1971
Tags: Tag hinzufügen
Keine Tags, Fügen Sie das erste Tag hinzu!

MARC

LEADER 00000nam a22000003a 4500
001 stu37166
005 20150408175946.6
008 920702s1971----cs------------------eng-d
040 |a STU  |b slo 
041 0 |a eng 
044 |a cs 
245 |a Information processing machines 15 
260 |a Praha :  |b Academia,  |c 1971 
300 |a 279 s 
996 |c I*Z1770  |l I  |s A  |a 24  |w stu37166_0001 
996 |b 284M003860  |c M*4168/15-1  |l MMKN  |s A  |a 24  |w stu37166_0002